| 000 | 00944cac a2200313 i 4500 | ||
|---|---|---|---|
| 003 | EG-GICUC | ||
| 005 | 20260203112950.0 | ||
| 008 | 060619s2006 mnu fr 000 0 eng d | ||
| 020 | _a0314168079 | ||
| 020 | _a9780314168078 | ||
| 040 |
_aDLC _cDLC _beng _dEG-GiCUC _erda |
||
| 050 | 0 | 0 |
_aKZ1242.5 _b.D36 2006 |
| 082 | 0 | 4 |
_221 _a341 |
| 092 | 0 | 4 | _221 |
| 099 | _aLaw 11 2006 | ||
| 100 | 1 | _aD'Amato, Anthony A. | |
| 245 | 1 | 0 |
_aInternational law today : _ba handbook / _cby Anthony D'Amato ; Jennifer Abbassi. |
| 264 |
_aSt. Paul, MN : _bThomson/West, _c2006. |
||
| 300 |
_av, 304 pages ; _c26 cm. |
||
| 336 |
_atext _2rdacontent |
||
| 337 |
_aComputer _2rdamedia |
||
| 338 |
_aOnline Resource _2rdacarrier |
||
| 490 | 0 | _aAmerican casebook series | |
| 650 | 0 | _aInternational law. | |
| 700 | 1 |
_aAbbassi, Jennifer, _d1961- |
|
| 856 | 4 | 0 | _uhttps://fll.law.cu.edu.eg/fulltext/bks/9780314168078.pdf |
| 905 | _a10 | ||
| 942 |
_2ddc _cBK _e21 _n0 |
||
| 999 |
_c60464 _d60464 |
||